00338nam a2200133Ia 4500008004100000020001500041041001200056082002200068100001600090245003100106260002700137300001300164650002700177231217s9999 xx 000 0 und d a8131406660 aEnglish a658.845 PAD;1 R aPadmaja, K. 0aWTO and dispute resolution c2007bIcfaiaHyderabad avii, 231 aWTO,dispute,resolution